| 000 | 00596nam a22002177a 4500 | ||
|---|---|---|---|
| 003 | OSt | ||
| 005 | 20250817135411.0 | ||
| 008 | 250817b |||||||| |||| 00| 0 eng d | ||
| 020 | _a9788121903691 | ||
| 037 |
_a6218 _bBharati Madhyavarti Sahakari Grahak Bhandar Pune |
||
| 040 | _cNLK | ||
| 041 | _aEnglish | ||
| 082 |
_a320.01 _bMAH |
||
| 100 | _aMahajan V D | ||
| 245 |
_aPolitical Theory: Principles of Political Science _cMahajan V D |
||
| 250 | _a5th | ||
| 260 |
_aNew Delhi _bS Chand and Company _c2024 |
||
| 300 | _axii; 825 | ||
| 650 | _aPolitical Science | ||
| 942 |
_2ddc _cTB _n0 |
||
| 999 |
_c1212384 _d1212384 |
||